Statistics for Aesop Rock Discography

Click here to take the quiz!

General Stats

  • This quiz has been taken 8 times
  • The average score is 9 of 16

Answer Stats

HintAnswer% Correct
2021Garbology
100%
2016The Impossible Kid
100%
2003Bazooka Tooth
83%
2000Float
83%
2001Labor Days
83%
2007None Shall Pass
83%
2012Skelethon
83%
2020Spirit World Field Guide
83%
1999Appleseed
50%
2002Daylight
50%
1997Music for Earthworms
33%
2017Bushwick
17%
2015Cat Food
17%
2005Fast Cars, Danger, Fire and Knives
17%
2020Freedom Finger
0%
2022The Recycling Bin
0%

Score Distribution

Percentile by Number Answered

Percent of People with Each Score

Your Score History

You have not taken this quiz